Szczegóły MARC21

Szczecin Zamek : jego dzieje i odbudowa /

003 -Nazwa inst., której nr kontr. jest w polu 001 [,]
    • @
    • Nazwa instytucji, której n kontrolny jest w polu 001
    • NUKAT
005 -DATA I CZAS OSTATNIEJ MODYFIKACJI [,]
    • @
    • pole kontrolne
    • 20241231092213.0
040 -Instytucja sporządzająca opis [ , ]
    • a
    • Instytucja, która sporządziła opis (NP)
    • TOR U/AG
    • c
    • Instytucja, która sporządziła rekord (NP)
    • TOR U/KC
    • d
    • Instytucja, która zmodyfikowała rekord (P)
    • TOR U/AP
    • d
    • Instytucja, która zmodyfikowała rekord (P)
    • TOR U/TMs
    • d
    • Instytucja, która zmodyfikowała rekord (P)
    • TOR U/TMs
041 -Język dokumentu [0, ]
    • a
    • Język tekstu (P)
    • polski
    • b
    • Język streszczeń lub abstraktu (P)
    • angielski
    • b
    • Język streszczeń lub abstraktu (P)
    • niemiecki
942 -Rodzaj dokumentu [ , ]
    • c
    • Rodzaj dokumentu
    • Książka
100 -Hasło główne - nazwa osobowa [1, ]
    • a
    • Nazwa osobowa (NP)
    • Dziurla, Henryk
    • d
    • Daty biograficzne (NP)
    • (1925-2012).
    • 9
    • KHW
    • 313971
245 -Strefa tytułu i oznaczenia odpowiedzialności [1,0]
    • a
    • Tytuł
    • Szczecin Zamek : Find
    • b
    • Ciąg dalszy tytułu (NP)
    • jego dzieje i odbudowa / Find
    • c
    • Pozostałe elementy strefy tytułu i oznaczenia odpowiedzialności (NP)
    • Henryk Dziurla.
260 -Strefa adresu wydawniczego [ , ]
    • a
    • Miejsce wydania (P)
    • Szczecin :
    • b
    • Nazwa wydawcy (P)
    • Prezydium Rady Okręgu Towarzystwa Rozwoju Ziem Zachodnich i Szczecińskie Towarzystwo Naukowe,
    • c
    • Data wydania (P)
    • 1959.
300 -Strefa opisu fizycznego [ , ]
    • a
    • Określenie formy książki i/lub objętość (NP)
    • 96, [20] s., [43] s. tabl. [w tym skł.] :
    • b
    • Oznaczenie ilustracji (NP)
    • fot., rys. ;
    • c
    • Format (NP)
    • 24 cm.
336 -Typ zawartości [ , ]
    • a
    • Termin opisujący typ zawartości
    • Tekst
    • b
    • Kod określający zawartość
    • txt
    • 2
    • Źródło (terminu i kodu)
    • rdacontent
337 -Typ mediów [ , ]
    • a
    • Tryb odtwarzania
    • Bez urządzenia pośredniczącego
    • b
    • Kod typu mediów
    • n
    • 2
    • Źródło (terminu i kodu)
    • rdamedia
338 -Typ/rodzaj nośnika [ , ]
    • a
    • Hasło opisujące typ nośnika
    • Wolumin
    • b
    • Kod typu nośnika
    • nc
    • 2
    • Źródło (terminu i kodu)
    • rdacarrier
500 -Uwaga ogólna [ , ]
    • a
    • Uwaga ogólna (NP)
    • Książka ukazała się w czasopiśmie: Szczecin : miesięcznik Pomorza Zachodniego, nr 1-2 (16-17).
546 -Uwaga dot. języka [ , ]
    • a
    • Uwaga dot. języka
    • Streszcz. ang., niem.
080 -Uniwersalna Klasyfikacja Dziesiętna [ , ]
    • a
    • Symbol klasyfikacji
    • 728.81A/Z
    • 2
    • Identyfikator wydania tablic
    • UDC-P022
    • b
    • Dopowiedzenie
    • Zamki obronne lub półobronne.
    • x
    • Poddział wspólny
    • (438)
    • b
    • Dopowiedzenie
    • (Polska).
    • x
    • Poddział wspólny
    • (091)
    • b
    • Dopowiedzenie
    • (Opracowania historyczne).
650 -Hasło przedmiotowe [ ,7]
    • a
    • Hasło przedmiotowe
    • Zamek Książąt Pomorskich (Szczecin, Polska).
    • 2
    • Źródło terminu
    • kaba
    • 9
    • KHW
    • 147848
980 -Symbol UKD [ , ]
    • a
    • UKD
    • 728.8(438)Szczecin(091)
Numer inwentarzowy Data inwentaryzacji Sygnatura Lokalizacja Status udost.
Ikn.8412006-01-18E-1BG1
P.104061997-01-01 BM1